000 01266nam a2200313Ia 4500
001 ebr10286257
003 CaPaEBR
006 m u
007 cr cn|||||||||
008 081022s2009 nyua sbf 001 0 eng d
010 _z 2008046032
020 _z082612268X (alk. paper)
020 _z9780826122681 (alk. paper)
040 _aCaPaEBR
_cCaPaEBR
035 _a(OCoLC)320022088
050 1 4 _aRC382
_b.P247 2009eb
082 0 4 _a616.8/33
_222
245 0 0 _aParkinson's disease
_h[electronic resource] :
_ba guide to patient care /
_cPaul J. Tuite ... [et al.].
260 _aNew York :
_bSpringer Pub. Co.,
_cc2009.
300 _axvii, 298 p. :
_bill.
504 _aIncludes bibliographical references and index.
533 _aElectronic reproduction.
_bPalo Alto, Calif. :
_cebrary,
_d2009.
_nAvailable via World Wide Web.
_nAccess may be limited to ebrary affiliated libraries.
650 0 _aParkinson's disease
_xPatients
_xCare
_vHandbooks, manuals, etc.
650 0 _aParkinson's disease
_vHandbooks, manuals, etc.
655 7 _aElectronic books.
_2local
700 1 _aTuite, Paul J.
710 2 _aebrary, Inc.
856 4 0 _uhttp://site.ebrary.com/lib/rucke/Doc?id=10286257
_zAn electronic book accessible through the World Wide Web; click to view
999 _c2100
_d2100